000 00592nam a2200193Ia 4500
005 20260114185750.0
008 008 260114s9999 xx 000 0 eng d
020 _a9781350060920
037 _aEBOOK
040 _aCRL
_beng
_cCRL
041 _aeng
_2eng
084 _qCRL
100 _aPam Inder
_9874132
245 0 _aBusks, Basques and Brush-Braid British dressmaking in the 18th and 19th centuries
260 _bBloomsbury
_c2020
856 _uhttps://doi.org/10.5040/9781350060920?locatt=label:secondary_bloomsburyCollections
942 _cEBOOK
999 _c1473068
_d1473068